000 00297nam a22001217a 4500
008 160507b xxu||||| |||| 00| 0 eng d
020 _a9780071451536
020 _a0071451536
041 _aeng
080 _a615
245 _aBasic and clinical pharmacology:
_cBertram G. Katzung;
942 _2udc
_cBK
999 _c1890
_d1890